LEADER 00830nam a2200229 i 4500 001 000000152357 003 CaOOAMICUS 005 20060804000000.0 008 060804s1981 it u000 u ita u 013 $a129698 040 $aSeMil$bita 100 1 $aRaimondi, Giuseppe,$d<1898-1985>.$0(OLS)http://semarc/name/31111 245 12$aL'arcangelo del terrore /$cGiuseppe Raimondi. 260 $aMilano :$bArnoldo Mondadori Editore,$c1981. 300 $a132 p. ;$c20 cm. 500 $aFondo Ciprandi. 850 $aSeMil 852 $aSeMil$W1$xVenegono$y1$m1D III 157$j104316$B104316$CSeMilBibl$Z2$F113372 $81 941 1 $a1 961 $aOmaggio: Ciprandi dott. Paolo 996 $6245$aL'arcangelo del terrore$9(OLS)http://semarc/title/222763 996 $6260$aMilano :$bArnoldo Mondadori Editore$9(OLS)http://semarc/publisher/30056 LEADER 00729nam a2200169 i 4500 001 000000167846 003 CaOOAMICUS 005 20240618102928.0 008 071211s1939 it u000 u ita u 040 $aSeMil$bita 245 13$a1: Introduzione e commento ; Le sue rivelazioni dantesche. 300 $aXI, 342 p. :$bill. ;$c26 cm. 773 0 $aIoachim : Florensis <1145 ca-1202>$tLibro delle figure.$dTorino ; Milano [etc.] : Società Editrice Internazionale, 1939.$g1$w()18935 850 $aSeMil 852 $aSeMil$W1$xVenegono$y1$m2.SOVR I 2$j262530$B118982$CSeMilBibl$Z2$F129840 $8I 996 $6245$a1: Introduzione e commento ; Le sue rivelazioni dantesche$9(OLS)http://semarc/title/240155